00839cam a2200253 i 4500999001500000001000800015003000600023005001700029008004100046010001700087020002400104040001800128043001200146050001900158082001300177100002600190245008600216260005500302300002100357650004000378906004500418942001200463952011000475 c3001d30014630081GBCCL20241126110445.0790625s1979 ilu 000 0 eng  a 78058742  a0842317600 :c$3.95 aDLCcDLCdDLC an-us---00aBR1642.U5bL4800a262bLEW1 aLewis, Gregory.9624610aIs God for sale? :bA provocative examination of today's church /cGregory Lewis. aWheaton, Ill. :bTyndale House Publishers,cc1979. a155 p. ;c21 cm. 0aEvangelicalismzUnited States.9914 a7bcbccorignewd2eocipf19gy-gencatlg 2ddccBK 00102ddc4070aGBCbGBCcMNMSd2017-10-11l0o262 LEWp003537r2025-05-01 00:00:00tc.1w2017-10-11yBK